| 000 | 00459nam a2200193Ia 4500 | ||
|---|---|---|---|
| 003 | OSt | ||
| 005 | 20220531160500.0 | ||
| 008 | 210210b2008 xxu||||| |||| 00| 0 eng d | ||
| 040 | _cAL | ||
| 041 | _aeng | ||
| 082 | _a346.066 RAMC | ||
| 100 |
_aRAMAN (B S) _939799 |
||
| 245 | _aCompany law: for BBM V semester | ||
| 260 |
_aMangalore _bUnited Publishers _c2008 |
||
| 300 | _a320 | ||
| 690 |
_aCompany Law _939800 |
||
| 906 | _a062720 | ||
| 942 |
_2ddc _cBK |
||
| 999 |
_c129781 _d129781 |
||